| 000 | 01491cam a2200313 4500 | ||
|---|---|---|---|
| 008 | 040112n2004 000 0 eng u | ||
| 020 | _a1842191748 | ||
| 020 | _a184219173X | ||
| 035 | _a(Sirsi) u124814 | ||
| 041 | _aeng | ||
| 050 |
_a306.1096891 _c18 |
||
| 100 | _aKinyungu, Alice | ||
| 245 |
_aPublic-private sector partnerships in the servicing of land and provision of housing for low-income groups in Harare _bexperiences and lessons learnt 1990-1996 |
||
| 260 |
_aLondon _bRICS Foundation _c2004 |
||
| 300 |
_aiii, 15p. _c30cm. |
||
| 490 | _aRICS Foundation Our Common Estate Series | ||
| 520 | _aThis paper discusses the experience of Harare City Council when it embarked on a public-private sector partnerships programme in carrying out central city development. Focuses on the experiences of implementing such partnerships in the servicing of land and provision of housing for the low-income groups in Harare. References. View at www.rics-foundation.org. | ||
| 520 | _aISBN 184219173X incorrectly printed on inside cover. | ||
| 650 | _aHOUSING PROVISION | ||
| 650 | _aRESIDENTIAL BUILDING LAND | ||
| 650 | _aHARARE | ||
| 650 | _aLOW INCOME GROUPS | ||
| 650 | _aZIMBABWE | ||
| 650 | _aPUBLIC PRIVATE PARTNERSHIPS | ||
| 690 | _aHOUSING | ||
| 710 |
_aRoyal Institution of Chartered Surveyors _bFoundation _94173 |
||
| 856 |
_uhttps://www.rics.org/site/scripts/download_info.aspx?downloadID=2101 _zView the paper on the RICS Foundation website... |
||
| 942 | _n0 | ||
| 999 |
_c103276 _d103276 |
||